| 000 | 00439nam a2200181Ia 4500 | ||
|---|---|---|---|
| 008 | 131103s9999 xx 000 0 und d | ||
| 020 | _cRs.11 | ||
| 040 | _aLoreto College | ||
| 041 | _aEnglish | ||
| 082 |
_aF/YER _bLCLIB/20037 |
||
| 100 | _aYerby,Frank | ||
| 245 |
_aFairoaks _cFrank Yerby |
||
| 260 |
_aNew York _bA Dell Book _c1957 |
||
| 300 |
_a366 p. _c 17 cm. |
||
| 650 | _aFiction in English | ||
| 850 | _aLCLIB | ||
| 942 | _cBK | ||
| 999 |
_c16793 _d67272 |
||